Visualizzazione normale
Vista MARC
- Farronato, Lina
di Personal Name
Records bibliografici associati: 1
001 - CONTROL NUMBER
- control field: 23539
003 - CONTROL NUMBER IDENTIFIER
- control field: IT-RoPau
005 - DATE AND TIME OF LATEST TRANSACTION
- control field: 20140502095528.0
008 - FIXED-LENGTH DATA ELEMENTS
- fixed length control field: 140502|| aca||aabn | a|a d
040 ## - CATALOGING SOURCE
- Original cataloging agency: IT-RoPau
- Transcribing agency: IT-RoPau
100 ## - HEADING--PERSONAL NAME
- Personal name: Farronato, Lina
670 ## - SOURCE DATA FOUND
- Source citation: Work cat.: (IT-RoPau): Farronato, Lina, Maria, 1980